Notable Hip-Hop Producers - Statistics

General Stats
  • This quiz has been taken 41 times
  • The average score is 18 of 50
Answer Stats
Song Producer % Correct
Heart of the City (Jay-Z) Kanye West
89%
Mask Off (Future) Metro Boomin
81%
1985 (Freddie Gibbs) The Alchemist
75%
Drop It Like It's Hot (Snoop Dogg) The Neptunes
72%
In da Club (50 Cent) Dr. Dre
67%
Magnolia (Playboi Carti) Pi'erre Bourne
67%
Ballin' (Roddy Ricch) Mustard
64%
N.Y. State of Mind (Nas) DJ Premier
58%
One Beer (MF Doom) Madlib
58%
C.R.E.A.M. (Wu-Tang Clan) RZA
58%
Juicy (The Notorious B.I.G.) Diddy
53%
So Anxious (Ginuwine) Timbaland
50%
After Party (Don Toliver) Travis Scott
50%
I'm God (Lil B) Clams Casino
47%
Didn't Cha Know (Erykah Badu) J Dilla
47%
HiiiPoWeR (Kendrick Lamar) J. Cole
44%
Tiimmy Turner (Desiigner) Mike Dean
42%
Shook Ones, Pt. II (Mobb Deep) Havoc
39%
Electric Relaxation (A Tribe Called Quest) Q-Tip
39%
99 Problems (Jay-Z) Rick Rubin
39%
Marvins Room (Drake) 40
36%
Smack That (Akon) Eminem
36%
Jellyfish (Ghostface Killah) MF Doom
31%
Hot (Young Thug) Wheezy
31%
Backseat Freestyle (Kendrick Lamar) Hit-Boy
28%
Nice for What (Drake) Murda Beatz
28%
Run It! (Chris Brown) Scott Storch
28%
Ruff Ryders' Anthem (DMX) Swizz Beatz
28%
Middle Child (J. Cole) T-Minus
28%
Erase Your Social (Lil Uzi Vert) Don Cannon
25%
Touch the Sky (Kanye West) Just Blaze
25%
The World is Yours (Nas) Pete Rock
25%
Fuck Up Some Commas (Future) Southside
25%
Look Alive (BlocBoy JB) Tay Keith
25%
Wait For U (Future) ATL Jacob
22%
Best I Ever Had (Drake) Boi-1da
22%
Same Problems? (ASAP Rocky) Tyler, the Creator
22%
Go D.J. (Lil Wayne) Mannie Fresh
19%
A.D.H.D. (Kendrick Lamar) Sounwave
19%
6 Foot 7 Foot (Lil Wayne) Bangladesh
17%
Devil in a New Dress (Kanye West) Bink
17%
Used to This (Future) Zaytoven
17%
Get Up (Nate Dogg) DJ Quik
14%
What You Know (T.I.) DJ Toomp
14%
Mama Said Knock You Out (LL Cool J) Marley Marl
14%
Control (Big Sean) No I.D.
14%
Girl (Destiny's Child) 9th Wonder
11%
Brooklyn's Finest (Jay-Z) DJ Clark Kent
11%
Power (Kanye West) Symbolyc One
8%
If I Ruled the World (Nas) Trackmasters
8%
No matching quizzes found
Score Distribution
Percent of People with Each Score
Percentile by Number Answered
Your Score History
You have not taken this quiz